000 00493nam a2200157 i 4500
001 35081
003 ES-MaACL
005 20250811063134.0
007 t|
008 030212s1915 sp ||||1| spa d
100 1 _aBorbón y Austria-Este, Alfonso Carlos de,
_cDuque de San Jaime,
_d1849-1936
_930364
245 1 0 _aSobre la guerra mundial /
_cAlfonso Carlos Borbón y de Austria-Este.
260 _a[S.l. :
_bs.n.,
_c1915]
852 _aES-MaACL
_jT-1454-F-9
999 _c35081
_d35081